| 000 | 00590nam a2200193Ia 4500 | ||
|---|---|---|---|
| 008 | 240729s9999 xx 000 0 und d | ||
| 022 | _a2676-6345 | ||
| 245 | 0 | _aIranian Journal of Finance | |
| 260 | _aIran, Islamic Republic of | ||
| 260 | _bIran Finance Association | ||
| 650 | _a Capital. Capital investments | ||
| 650 | _a Finance | Social Sciences | ||
| 650 | _a Industries. Land use. Labor | ||
| 650 | _a Management. Industrial management | ||
| 650 | _aSocial Sciences | ||
| 856 | _uhttps://doaj.org/toc/96004b5880f94654a286c1ce5705fc76 | ||
| 942 | _2ddc | ||
| 942 | _cDOAJEJ | ||
| 999 |
_c73198 _d73198 |
||
| 945 |
_a1 _bMadushi Gamage _c1 _dMadushi Gamage |
||